000 00648cam a22002052 4500
001 0000003176
005 20151021151100.0
008 070430s xx 000 0 eng d
020 _a9966981500 :
_cKES 300
040 _aKABU
_cKABU
050 0 _aHQ10
_b.G53 2003
100 1 _aGichinga, Emmy M.
_@0000148085
245 1 0 _aPre-marital counselling :
_ba counselling guide /
_cby Emmy M. Gichinga.
260 _aNairobi :
_bGEM Counselling Services,
_c2003.
300 _a119 p. ;
_c22 cm.
650 0 _aMarriage counseling.
_@0000147976
852 1 _9p350 KES
908 _a070430
950 _@1
999 _c475
_d475